| 000 | 01368cam a2200337 i 4500 | ||
|---|---|---|---|
| 999 |
_c29271 _d29242 |
||
| 001 | 19846041 | ||
| 003 | EG-ScBUE | ||
| 005 | 20210729095017.0 | ||
| 008 | 170727s2018 enka f b 001 0 eng d | ||
| 020 | _a9781316602102 (paperback) | ||
| 040 |
_aDLC _beng _erda _cDLC _dDLC _dEG-ScBUE |
||
| 082 | 0 | 4 |
_a612.8233 _bCAM _222 |
| 245 | 0 | 4 |
_aThe Cambridge handbook of the neuroscience of creativity / _cedited by Rex E. Jung, University of New Mexico, Oshin Vartanian, University of Toronto. |
| 246 | 3 | 0 | _aHandbook of the neuroscience of creativity |
| 264 | 1 |
_aCambridge ; _aNew York, NY : _bCambridge University Press, _c2018. |
|
| 300 |
_axiii, 553 pages : _billustratons (chiefly color) ; _c26 cm |
||
| 336 |
_atext _btxt _2rdacontent |
||
| 337 |
_aunmediated _bn _2rdamedia |
||
| 338 |
_avolume _bnc _2rdacarrier |
||
| 504 | _aIncludes bibliographical references and index. | ||
| 650 | 7 |
_aCognitive neuroscience. _2BUEsh |
|
| 650 | 7 |
_aCreative ability. _2BUEsh |
|
| 653 |
_bGGEN _cJuly2021 |
||
| 655 |
_vReading book _934232 |
||
| 700 | 1 |
_aJung, Rex E. _q(Rex Eugene), _eeditor. |
|
| 700 | 1 |
_aVartanian, Oshin, _d1970- _eeditor. |
|
| 906 |
_a7 _bcbc _corignew _d1 _eecip _f20 _gy-gencatlg |
||
| 942 |
_2ddc _cBB |
||